1018 1040 1265 1783 1439 1088 1563 1968 1974 1734 1965 1246 1221 1259 1018 1415 1567 1438 1972 1362 1141 1056 1180 1545 1221 1281 1324 1601 1797 1942 1456 1851 1814 1855 1509 1195 1668 1355 1274 1002 1179 1682 1812 1048 1144 1423 1347 1623 1563 1945 1696 1722 1390 1211 1977 1160 1498 1659 1125 1919 1698 1870 1616 1205 1972 1250 1289 1030 1048 1344 1456 1180 1347 1265 1547 1742 1525 1289 1104 1319 1645 1743 1540 1615 1014 1613 1464 1425 1632 1283 1874 1424 1636 1539 1208 1817 1426 1788 1333 BCNSPRNW ULIB Ver.6.0+V

เปลี่ยนเป็นภาษาไทย

Change to English
 แสดงรายละเอียดบรรณานุกรม
  กลับหน้าหลัก

Brief Record : Get Marc (ISO 2709) : E-mail record : QR code < ปิดหน้าต่าง
LEADER : 00000nam 2200000uu 4500
001    13399111343
003     ULIB
008    110622s2551||||th 000 0 tha d
020    9741335407
060 04 WY85^bส733จ 2551
100 0  สิวลี ศิริไล
245 10 จริยศาสตร์สำหรับพยาบาล /^cสิวลี ศิริไล
250    พิมพ์ครั้งที่ 10
260    กรุงเทพฯ :^bโรงพิมพ์แห่งจุฬาลงกรณ์มหาวิทยาลัย,^c2551
300    279 หน้า ;^c21 ซม.
650  7 จรรยาบรรณพยาบาล
650  7 จริยศาสตร์
945    ^p150^l0^i15373
995     เกษร
999    ^aใช้งานได้ทุกระบบ
รายการนี้ยังไม่มีแท็ก
คุณยังไม่ได้ล็อกอิน คุณสามารถมีกิจกรรมร่วมกับเว็บไซต์ได้ แต่ต้องล็อกอินก่อน ::
  ล็อกอิน

รายการสื่อสารสนเทศ

ลำดับที่ ประเภท เลขเรียก/บาร์โค้ด สถานที่ สถานะ
1. วิทยาศาสตร์การแพทย์ และสุขภาพ
วิทยาศาสตร์การแพทย์ และสุขภาพ
WY85 ส733จ 2551  
  Barcode: 15373
ห้องสมุดวิทยาเขตสวรรค์ประชารักษ์
►ส่วนจัดเก็บหนังสือเก่า สปร
บนชั้น
  ขอยืม

รายการใกล้เคียง
    ผู้แต่ง [สิวลี ศิริไล]

    หัวเรื่อง [จรรยาบรรณพยาบาล]
    หัวเรื่อง [จริยศาสตร์]

BibComment


ยังไม่เคยถูกคอมเมนท์

คอมเมนท์ทรัพยากรรายการนี้
  คอมเมนท์: จริยศาสตร์สำหรับพ..


 Copyright 2026. Bcnsprnw @Library